Bude pre nás NATO aj 90 miliónov dolárov? Zo záveru pracovnej cesty V. Mečiara v USA

Bibliographic Details
Main Author: Gallo, Rudolf (Author)
Format: Article
Language:Slovak
Subjects:

MARC

LEADER 00000nab a2200000 a 4500
001 vtls000485301
003 SK-MaSNL
005 20260426074115.0
008 150205c1993 xo 0 slo
015 |a SNBRB19rr/mm-uuuuu 
035 |a CL0485438 
040 |a SNKBUCL  |b slo  |c SNKBUCL  |e AACR2 
041 0 |a slo 
044 |a xo  |c SK 
080 |a 327(043.76:73)  |2 1981 
080 |a 327(73:437.6)  |2 1981 
100 1 |a Gallo, Rudolf  |4 aut  |9 275553 
245 1 0 |a Bude pre nás NATO aj 90 miliónov dolárov?  |b Zo záveru pracovnej cesty V. Mečiara v USA  |c Rudolf Gallo 
650 0 7 |a zahraničná politika  |2 snkbucl  |9 971 
651 7 |a Slovensko  |2 snkbucl  |9 14231 
651 7 |a Spojené štáty americké  |2 snkbucl  |9 18262 
655 7 |a články z novín a časopisov  |2 snkbucl  |9 267496 
773 0 |t Smena  |g Roč. 46, č. 117 (22. 5. 1993), s. 1 a 10 
850 |a Slovenská národná knižnica v Martine  |a MTA001 
852 |a SNK  |b KIS3GCP 
958 |a RK 
992 |a RBX 
999 |c 2725529  |d 2727459